| 000 | 01626cam a22003977a 4500 | ||
|---|---|---|---|
| 001 | 15890365 | ||
| 005 | 20100305153949.0 | ||
| 008 | 090902s2008 au a 000 0 eng | ||
| 010 | _a 2009497242 | ||
| 015 |
_aGBA853497 _2bnb |
||
| 016 | 7 |
_a014570749 _2Uk |
|
| 020 | _a3433029059 (hbk. ; English ed.) | ||
| 020 | _a9783433029053 ( hbk. ; English ed.) | ||
| 035 | _a(OCoLC)ocn222147958 | ||
| 040 |
_aUKM _cUKM _dYDXCP _dIUL _dDLC |
||
| 041 | 1 |
_aeng _hger |
|
| 042 |
_aukblsr _alccopycat |
||
| 050 | 0 | 0 |
_aTA775 _b.H8313 2008 |
| 082 | 0 | 4 |
_a624.15 _222 _bSPE |
| 100 | 1 |
_aHudelmaier, Klaus F. _923478 |
|
| 240 | 1 | 0 |
_aSpezialtiefbau. _lEnglish |
| 245 | 1 | 0 |
_aSpecial Deep Foundation : _bCompendium Methods and Equipment / _c[author: Klaus F. Hudelmaier ; co-author: Hartmut Kufner]. |
| 260 |
_aNenzing : _bLiebherr-Werk-Nenzing, 2008 _cc2008. |
||
| 300 |
_a1 v. (various pagings) : _bill. (some col.) ; _c28 cm. |
||
| 500 | _a"Published in cooperation with Ernst & Sohn Verlag fur Architectur und technische Wissenschaften"--Prelim. | ||
| 500 | _aAlso available in German under title: Spezialtiefbau. | ||
| 650 | 0 |
_aFoundations. _923479 |
|
| 650 | 0 |
_aConstruction equipment. _923480 |
|
| 653 |
_bCiv _cApril2011 |
||
| 700 | 1 |
_aKufner, Hartmut. _923481 |
|
| 710 | 2 |
_aLiebherr-Werk Nenzing. _923482 |
|
| 710 | 2 |
_aWilhelm Ernst & Sohn. _923483 |
|
| 942 |
_2ddc _cBB |
||
| 999 |
_c15217 _d15217 |
||